Statistiques concernant Quiz sur le Pérou

Cliquez ici pour prendre le quiz!

Statistiques générales

  • Ce quiz a été pris 5 028 fois
  • Le résultat moyen est 10 sur 20

Statistiques - réponses

QuestionRéponse% Correct
Capitale et plus grande villeLima
97%
Trois langues officielles du Pérou
(dont deux langues natives)
Espagnol
89%
Chaîne de montagnes
qui traverse le Pérou
Andes
86%
Empire qui possédait le Pérou
avant la colonisation espagnol
Empire Inca
84%
Ancienne cité perchée qui est devenue
la principale attraction touristique du pays
Machu Picchu
81%
Lac de haute altitude partagé
par le Pérou et la Bolivie
Lac Titicaca
76%
Tubercule comestible, cher à Parmentier,
qui est originaire du Pérou
Pomme de terre
71%
Graine commençant par Q dont le Pérou
est le principal producteur et exportateur
Quinoa
62%
Trois langues officielles du Pérou
(dont deux langues natives)
Q{uechua}
61%
Animal péruvien proche du lamaAlpaga
58%
Capitale de cet empireCusco
51%
Animal péruvien aussi appelé « cobaye »Cochon d'Inde
43%
Conquistador qui a envahi cet empireFrancisco Pizarro
32%
Plat péruvien à base de fruits de mer
cuits dans une marinade au citron vert
Ceviche
30%
Deuxième ou troisième ville la
plus peuplée (nommez-en une)
Trujillo | Arequipa
23%
Guérilla maoïste qui a commis de
nombreux massacres depuis 1980
Sentier {Lumineux}
21%
Devise monétaireSol
21%
Boisson nationale (un cocktail){Pisco} Sour
20%
Président qui a mis fin à cette insurrection,
qui fut ensuite condamné pour crimes
contre l'Humanité et s'est enfui au Japon
Alberto Fujimori
15%
Trois langues officielles du Pérou
(dont deux langues natives)
A{ymara}
15%

Distribution des résultats

Percentile par nombre de réponses

% des personnes avec chaque résultat

Votre développement - résultats

Vous n’avez pas pris ce quiz